[Event "Open de la Constitución 2019"]
[Site "S. S. de los Reyes ESP"]
[Date "2019.12.07"]
[Round "8.12"]
[White "Bello Burguet, Glenier Lazaro"]
[Black "Blanco Martin, Oscar"]
[Result "1/2-1/2"]
[WhiteElo "2001"]
[BlackElo "1692"]
[PlyCount "39"]
[EventDate "2019.11.30"]
[EventType "swiss"]
[EventRounds "9"]
[EventCountry "ESP"]
[SourceTitle "Ajedrez en Madrid"]
[Source "lmi"]
[SourceDate "2019.11.30"]
[SourceVersion "1"]
[SourceVersionDate "2019.12.16"]
[SourceQuality "1"]

1. e4 e6 2. d4 d5 3. Nc3 dxe4 4. Nxe4 Nf6 5. Nxf6+ Qxf6 6. Nf3 h6 7. Be3 Nc6 8.
c3 Bd6 9. Be2 a6 10. a4 e5 11. dxe5 Nxe5 12. Nxe5 Bxe5 13. Bf3 O-O 14. O-O Rd8
15. Qe2 c6 16. a5 Bf5 17. Rfd1 Re8 18. Qc4 Re6 19. Qb4 Qe7 20. Qxe7 1/2-1/2

[Event "Open de la Constitución 2019"]
[Site "S. S. de los Reyes ESP"]
[Date "2019.12.07"]
[Round "8.13"]
[White "Estevez Sacristan, Deva"]
[Black "Alonso Abad, Enrique"]
[Result "1/2-1/2"]
[WhiteElo "1719"]
[BlackElo "1994"]
[PlyCount "44"]
[EventDate "2019.11.30"]
[EventType "swiss"]
[EventRounds "9"]
[EventCountry "ESP"]
[SourceTitle "Ajedrez en Madrid"]
[Source "lmi"]
[SourceDate "2019.11.30"]
[SourceVersion "1"]
[SourceVersionDate "2019.12.16"]
[SourceQuality "1"]

1. e4 e6 2. d4 d5 3. Nd2 h6 4. Bd3 Nf6 5. e5 Nfd7 6. Ne2 c5 7. c3 Nc6 8. O-O
cxd4 9. cxd4 Qb6 10. Nf3 g5 11. h3 Bg7 12. Bb1 Nf8 13. b3 Ng6 14. Bxg6 fxg6 15.
Qd3 O-O 16. Qxg6 Bd7 17. Ba3 Rxf3 18. gxf3 Qa6 19. Ng3 Qxa3 20. Nh5 Qe7 21.
Nf6+ Kf8 22. Nh7+ Kg8 1/2-1/2

[Event "Open de la Constitución 2019"]
[Site "S. S. de los Reyes ESP"]
[Date "2019.12.07"]
[Round "8.14"]
[White "Campos Calvo-Sotelo, Javier"]
[Black "De Dompablo Fantova, Juan"]
[Result "1/2-1/2"]
[WhiteElo "1951"]
[BlackElo "1598"]
[PlyCount "91"]
[EventDate "2019.11.30"]
[EventType "swiss"]
[EventRounds "9"]
[EventCountry "ESP"]
[SourceTitle "Ajedrez en Madrid"]
[Source "lmi"]
[SourceDate "2019.11.30"]
[SourceVersion "1"]
[SourceVersionDate "2019.12.16"]
[SourceQuality "1"]

1. d4 d6 2. g3 g6 3. Bg2 Bg7 4. e4 Nd7 5. Ne2 e5 6. O-O Ne7 7. Nbc3 O-O 8. Bg5
h6 9. Be3 f5 10. Qd2 Kh7 11. f4 c6 12. Rae1 Qc7 13. fxe5 dxe5 14. d5 cxd5 15.
exd5 Qa5 16. Nc1 Nf6 17. Nb3 Qd8 18. Kh1 Ng4 19. Bc5 e4 20. d6 Nc6 21. d7 Bxd7
22. Nxe4 Re8 23. Nd6 Rxe1 24. Rxe1 Qc7 25. c3 b6 26. Nb5 Qd8 27. Bd6 Rc8 28.
N3d4 a5 29. h3 Nge5 30. Nxc6 Nxc6 31. Nd4 Nxd4 32. cxd4 Bc6 33. Be5 Bxg2+ 34.
Qxg2 Qd7 35. Bxg7 Kxg7 36. d5 Re8 37. Rd1 Re4 38. d6 Re6 39. Qd5 Kf8 40. Qd4
Qc6+ 41. Kg1 Qf3 42. d7 Qxg3+ 43. Kf1 Qf3+ 44. Kg1 Qg3+ 45. Kf1 Qf3+ 46. Kg1
1/2-1/2

[Event "Open de la Constitución 2019"]
[Site "S. S. de los Reyes ESP"]
[Date "2019.12.07"]
[Round "8.15"]
[White "Lopez de Turiso, Jose Angel"]
[Black "Perdiguero Herreros, Alejandro"]
[Result "1-0"]
[WhiteElo "1947"]
[BlackElo "1675"]
[PlyCount "137"]
[EventDate "2019.11.30"]
[EventType "swiss"]
[EventRounds "9"]
[EventCountry "ESP"]
[SourceTitle "Ajedrez en Madrid"]
[Source "lmi"]
[SourceDate "2019.11.30"]
[SourceVersion "1"]
[SourceVersionDate "2019.12.16"]
[SourceQuality "1"]

1. d4 d5 2. Bg5 Nf6 3. Bxf6 exf6 4. e3 Bf5 5. Bd3 Bxd3 6. Qxd3 c6 7. Nd2 Bd6 8.
Ne2 O-O 9. c4 dxc4 10. Nxc4 Bb4+ 11. Nc3 c5 12. O-O cxd4 13. exd4 Nc6 14. a3
Bc5 15. d5 Ne5 16. Qe4 Nxc4 17. Qxc4 Rc8 18. Qd3 Rc7 19. Rad1 Rd7 20. Qf3 Qc7
21. Rd3 Rfd8 22. Re1 Bd6 23. g3 Be5 24. Qe4 g6 25. Red1 Qa5 26. a4 Bxc3 27.
bxc3 f5 28. Qb4 Qxb4 29. cxb4 Kg7 30. f4 Rd6 31. Rd4 a5 32. bxa5 Ra8 33. Rb1
Rxa5 34. Rxb7 Rdxd5 35. Rxd5 Rxd5 36. Rb1 Ra5 37. Ra1 Kf6 38. Kf2 Ke6 39. Ke3
Kd6 40. Kd4 Rd5+ 41. Kc3 Kc6 42. a5 Kb7 43. a6+ Ka7 44. Ra2 Rd6 45. Kc4 h5 46.
Kc5 Re6 47. Rd2 Rxa6 48. Rd7+ Kb8 49. Rxf7 Kc8 50. Kd5 Ra2 51. Rf6 Rxh2 52.
Rxg6 h4 53. gxh4 Rxh4 54. Ke5 Kd8 55. Kxf5 Ke7 56. Rg7+ Kf8 57. Ra7 Rh6 58. Kg5
Rb6 59. f5 Rc6 60. Rb7 Ra6 61. Rh7 Rb6 62. Rh6 Rxh6 63. Kxh6 Kf7 64. Kg5 Kg7
65. Kg4 Kg8 66. Kf4 Kf8 67. Ke5 Ke7 68. f6+ Ke8 69. Ke6 1-0

[Event "Open de la Constitución 2019"]
[Site "S. S. de los Reyes ESP"]
[Date "2019.12.07"]
[Round "8.16"]
[White "Alfaya Martinez, Enrique"]
[Black "De Vicente Guijarro, Juan"]
[Result "0-1"]
[WhiteElo "1560"]
[BlackElo "1853"]
[PlyCount "98"]
[EventDate "2019.11.30"]
[EventType "swiss"]
[EventRounds "9"]
[EventCountry "ESP"]
[SourceTitle "Ajedrez en Madrid"]
[Source "lmi"]
[SourceDate "2019.11.30"]
[SourceVersion "1"]
[SourceVersionDate "2019.12.16"]
[SourceQuality "1"]

1. d4 Nf6 2. Bf4 g6 3. e3 Bg7 4. Nf3 d6 5. Be2 O-O 6. O-O c6 7. c4 Nbd7 8. Nc3
Re8 9. h3 e5 10. Bh2 Re7 11. dxe5 dxe5 12. Nxe5 Qa5 13. Nxd7 Bxd7 14. a3 Rae8
15. Bd6 Re6 16. c5 Ne4 17. Nxe4 Rxe4 18. b4 Qd8 19. Ra2 Bc8 20. Rd2 Qg5 21. Bg3
h5 22. Bf3 R4e6 23. h4 Qe7 24. Rd6 Qf6 25. Rxe6 Bxe6 26. Qd6 Qb2 27. Qc7 Bc8
28. Qa5 a6 29. Rd1 Bf6 30. a4 Qb3 31. Rd6 Kg7 32. Bd1 Qb1 33. b5 axb5 34. axb5
cxb5 35. Kh2 Re6 36. Rxe6 Bxe6 37. Bf3 Bc8 38. Qc7 Qf5 39. Bxb7 Bxb7 40. Qxb7
Qxc5 41. Qe4 b4 42. Qb1 Qc3 43. e4 b3 44. e5 Bxe5 45. Bxe5+ Qxe5+ 46. g3 Qc3
47. Qe4 b2 48. Kg2 Qb3 49. Qe5+ Kh7 0-1

[Event "Open de la Constitución 2019"]
[Site "S. S. de los Reyes ESP"]
[Date "2019.12.07"]
[Round "8.17"]
[White "Montiel Miguelez, Manuel"]
[Black "Rubio Gonzalez, Beltran"]
[Result "1-0"]
[WhiteElo "1811"]
[BlackElo "1596"]
[PlyCount "127"]
[EventDate "2019.11.30"]
[EventType "swiss"]
[EventRounds "9"]
[EventCountry "ESP"]
[SourceTitle "Ajedrez en Madrid"]
[Source "lmi"]
[SourceDate "2019.11.30"]
[SourceVersion "1"]
[SourceVersionDate "2019.12.16"]
[SourceQuality "1"]

1. e4 e5 2. Nf3 Nc6 3. Bb5 f5 4. d3 fxe4 5. dxe4 Nf6 6. Bg5 Bc5 7. Nc3 h6 8.
Bh4 a6 9. Bc4 g5 10. Bg3 d6 11. Qe2 Bd7 12. O-O-O Qe7 13. h3 Na5 14. Bd5 c6 15.
Bb3 Nxb3+ 16. axb3 O-O-O 17. Na4 Ba7 18. Nd2 Be6 19. f3 b5 20. Nc3 Nh5 21. Bf2
Nf4 22. Qf1 Kb8 23. Kb1 Bxf2 24. Qxf2 Qa7 25. Qf1 a5 26. g3 Nh5 27. Qg2 a4 28.
h4 g4 29. fxg4 Bxg4 30. Rdf1 axb3 31. Nxb3 Rhf8 32. Rxf8 Rxf8 33. Rf1 Qg7 34.
Rxf8+ Qxf8 35. Qg1 Qd8 36. Qe3 Nf6 37. Qxh6 b4 38. Na4 Nxe4 39. Qg6 Nf6 40. c3
c5 41. cxb4 cxb4 42. Nd2 Bd7 43. b3 Nd5 44. Qxd6+ Ka7 45. Kb2 e4 46. Qc5+ Nb6
47. Nxe4 Bxa4 48. bxa4 Qd3 49. Qc7+ Ka8 50. Qc6+ Ka7 51. Qc7+ Ka8 52. Qxb6 Qa3+
53. Kc2 Qxa4+ 54. Kd3 Qa3+ 55. Kd4 b3 56. Nc5 Qb2+ 57. Kc4 Qc2+ 58. Kb4 Qd2+
59. Kxb3 Qe3+ 60. Kb4 Qd2+ 61. Kb5 Qb2+ 62. Ka6 Qa3+ 63. Qa5 Qxg3 64. Qd8+ 1-0

[Event "Open de la Constitución 2019"]
[Site "S. S. de los Reyes ESP"]
[Date "2019.12.07"]
[Round "8.18"]
[White "Rubio Caceres, Aaron"]
[Black "Pindado Del Carmen, Eliseo"]
[Result "1-0"]
[WhiteElo "1711"]
[BlackElo "1531"]
[PlyCount "39"]
[EventDate "2019.11.30"]
[EventType "swiss"]
[EventRounds "9"]
[EventCountry "ESP"]
[SourceTitle "Ajedrez en Madrid"]
[Source "lmi"]
[SourceDate "2019.11.30"]
[SourceVersion "1"]
[SourceVersionDate "2019.12.16"]
[SourceQuality "1"]

1. d4 d5 2. c4 Nf6 3. cxd5 Qxd5 4. Nc3 Qd8 5. Nf3 e6 6. Bg5 Be7 7. e3 c6 8. Bd3
Nbd7 9. O-O Qa5 10. a3 e5 11. b4 Qc7 12. Rc1 Qb8 13. Bxf6 gxf6 14. d5 cxd5 15.
Nxd5 Bd6 16. Bb5 e4 17. Nxf6+ Ke7 18. Nxe4 Nb6 19. Qd4 Be6 20. Qf6+ 1-0

[Event "Open de la Constitución 2019"]
[Site "S. S. de los Reyes ESP"]
[Date "2019.12.07"]
[Round "8.19"]
[White "Nuevo Benitez, Miguel Angel"]
[Black "Garcia Minguez, Antonio"]
[Result "1-0"]
[WhiteElo "1707"]
[BlackElo "1542"]
[PlyCount "43"]
[EventDate "2019.11.30"]
[EventType "swiss"]
[EventRounds "9"]
[EventCountry "ESP"]
[SourceTitle "Ajedrez en Madrid"]
[Source "lmi"]
[SourceDate "2019.11.30"]
[SourceVersion "1"]
[SourceVersionDate "2019.12.16"]
[SourceQuality "1"]

1. b3 Nc6 2. Bb2 d5 3. e3 e5 4. Bb5 Bd6 5. Bxc6+ bxc6 6. d3 Nf6 7. Nd2 O-O 8.
Qe2 a5 9. a4 Ba6 10. e4 dxe4 11. Nxe4 Nd5 12. O-O-O c5 13. g4 Nf4 14. Qe3 Ne6
15. Nf3 f6 16. h4 Bb7 17. h5 Bxe4 18. Qxe4 Ng5 19. Nxg5 fxg5 20. f3 Qe7 21.
Rhf1 Rf4 22. Qxa8+ 1-0

[Event "Open de la Constitución 2019"]
[Site "S. S. de los Reyes ESP"]
[Date "2019.12.07"]
[Round "8.21"]
[White "Vallespin Morales, Antonio"]
[Black "Minguela Muñoz, Bienvenido"]
[Result "0-1"]
[WhiteElo "1407"]
[BlackElo "1827"]
[PlyCount "91"]
[EventDate "2019.11.30"]
[EventType "swiss"]
[EventRounds "9"]
[EventCountry "ESP"]
[SourceTitle "Ajedrez en Madrid"]
[Source "lmi"]
[SourceDate "2019.11.30"]
[SourceVersion "1"]
[SourceVersionDate "2019.12.16"]
[SourceQuality "1"]

1. e4 c5 2. Nf3 Nc6 3. d4 cxd4 4. Nxd4 Qb6 5. Nxc6 bxc6 6. Bd3 e5 7. O-O Nf6 8.
b3 Qc7 9. Nd2 Be7 10. Nf3 O-O 11. Bg5 d5 12. Bxf6 Bxf6 13. Qe2 Bg4 14. h3 Bh5
15. c4 d4 16. Kh2 c5 17. Rg1 Bg5 18. g4 Bf4+ 19. Kh1 Qd7 20. Ne1 Bg6 21. Ng2
Bg5 22. Raf1 h5 23. f4 Bf6 24. f5 Bh7 25. gxh5 Kh8 26. Kh2 a5 27. Ne1 a4 28.
Bc2 axb3 29. Bxb3 Qe7 30. Nd3 Rad8 31. Rg2 Bg5 32. Rf3 Bh6 33. Rf1 Bf4+ 34.
Nxf4 exf4 35. Rxf4 Qe5 36. Qf3 d3 37. Rd2 Rd4 38. Kg1 Rfd8 39. Ba4 Rxc4 40. Bc6
Rc1+ 41. Kf2 Qd4+ 42. Qe3 Rf1+ 43. Kxf1 Qxe3 44. Rdf2 c4 45. Bb5 c3 46. f6 0-1

[Event "Open de la Constitución 2019"]
[Site "S. S. de los Reyes ESP"]
[Date "2019.12.07"]
[Round "8.22"]
[White "Sanchez Sanz, Alejandro"]
[Black "Diaz Del Prado, Carlos"]
[Result "1-0"]
[WhiteElo "1745"]
[BlackElo "1287"]
[PlyCount "25"]
[EventDate "2019.11.30"]
[EventType "swiss"]
[EventRounds "9"]
[EventCountry "ESP"]
[SourceTitle "Ajedrez en Madrid"]
[Source "lmi"]
[SourceDate "2019.11.30"]
[SourceVersion "1"]
[SourceVersionDate "2019.12.16"]
[SourceQuality "1"]

1. e4 e5 2. Nf3 Nf6 3. Nxe5 d6 4. Nf3 Nxe4 5. Nc3 Nxc3 6. dxc3 Be7 7. Bd3 Bg4
8. h3 Bd7 9. O-O O-O 10. Nd4 Nc6 11. Nf5 Bg5 12. Qg4 Bxf5 13. Qxf5 1-0

[Event "Open de la Constitución 2019"]
[Site "S. S. de los Reyes ESP"]
[Date "2019.12.07"]
[Round "8.23"]
[White "Villaverde Casalengua, Jose Luis"]
[Black "Lopez-Ibarra Perdones, Miguel"]
[Result "1-0"]
[WhiteElo "1675"]
[BlackElo "1136"]
[PlyCount "36"]
[EventDate "2019.11.30"]
[EventType "swiss"]
[EventRounds "9"]
[EventCountry "ESP"]
[SourceTitle "Ajedrez en Madrid"]
[Source "lmi"]
[SourceDate "2019.11.30"]
[SourceVersion "1"]
[SourceVersionDate "2019.12.16"]
[SourceQuality "1"]

1. e4 e5 2. Nf3 Nc6 3. Bc4 Nf6 4. O-O Bc5 5. d3 O-O 6. Bg5 h6 7. Bh4 d6 8. h3
Re8 9. c3 Be6 10. Bxe6 Rxe6 11. Nbd2 d5 12. Bxf6 Rxf6 13. b4 Bb6 14. b5 Ne7 15.
Nxe5 Qd6 16. d4 c5 17. Nef3 cxd4 18. e5 Qxe5 1-0

[Event "Open de la Constitución 2019"]
[Site "S. S. de los Reyes ESP"]
[Date "2019.12.07"]
[Round "8.24"]
[White "Martinez-Paul Exposito, Ignacio Jesus"]
[Black "Boza Moreno, Pedro"]
[Result "1-0"]
[WhiteElo "1148"]
[BlackElo "1671"]
[PlyCount "69"]
[EventDate "2019.11.30"]
[EventType "swiss"]
[EventRounds "9"]
[EventCountry "ESP"]
[SourceTitle "Ajedrez en Madrid"]
[Source "lmi"]
[SourceDate "2019.11.30"]
[SourceVersion "1"]
[SourceVersionDate "2019.12.16"]
[SourceQuality "1"]

1. d4 d5 2. c4 Nf6 3. cxd5 Nxd5 4. e4 Nb6 5. Nc3 e6 6. Nf3 Be7 7. Bf4 a6 8. Be2
O-O 9. O-O N6d7 10. Qd2 f6 11. e5 Re8 12. a3 Nf8 13. Bd3 f5 14. Ne2 c6 15. Bg5
h6 16. Bxe7 Qxe7 17. Nf4 g5 18. Nh5 Nh7 19. h3 Qf7 20. g4 b5 21. Rac1 Bb7 22.
Qe2 Nd7 23. Ng3 Rac8 24. Nd2 fxg4 25. hxg4 c5 26. dxc5 Nxc5 27. Be4 Nxe4 28.
Ndxe4 Bxe4 29. Nxe4 Rxc1 30. Rxc1 Qf4 31. Nd6 Qxc1+ 32. Kg2 Qc6+ 33. Kg3 Re7
34. Qe4 Nf8 35. Qxc6 1-0

[Event "Open de la Constitución 2019"]
[Site "S. S. de los Reyes ESP"]
[Date "2019.12.07"]
[Round "8.25"]
[White "Solanilla Olcese, Ada"]
[Black "Martinez Miura, Enrique"]
[Result "1/2-1/2"]
[WhiteElo "1379"]
[BlackElo "1554"]
[PlyCount "77"]
[EventDate "2019.11.30"]
[EventType "swiss"]
[EventRounds "9"]
[EventCountry "ESP"]
[SourceTitle "Ajedrez en Madrid"]
[Source "lmi"]
[SourceDate "2019.11.30"]
[SourceVersion "1"]
[SourceVersionDate "2019.12.16"]
[SourceQuality "1"]

1. e4 e6 2. d4 d5 3. e5 c5 4. c3 cxd4 5. cxd4 Nc6 6. Nf3 Bb4+ 7. Bd2 Bxd2+ 8.
Nbxd2 Nge7 9. Bd3 h6 10. O-O O-O 11. a3 Bd7 12. b4 a6 13. Nb3 b6 14. Qd2 Nf5
15. b5 axb5 16. Bxb5 Nxe5 17. Bxd7 Nxf3+ 18. gxf3 Qxd7 19. Kh1 Kh8 20. Rg1 Qe7
21. a4 Rfc8 22. Qd3 Rc4 23. a5 bxa5 24. Nxa5 Qc7 25. Nxc4 Rxa1 26. Rxa1 dxc4
27. Qc3 Qc6 28. Kg1 Nh4 29. Ra3 e5 30. dxe5 Qg6+ 31. Kf1 Qg2+ 32. Ke2 Qxh2 33.
Qxc4 Qxe5+ 34. Re3 Qb2+ 35. Kd3 Qb1+ 36. Qc2 Qb5+ 37. Qc4 Qb1+ 38. Qc2 Qb5+ 39.
Qc4 1/2-1/2

[Event "Open de la Constitución 2019"]
[Site "S. S. de los Reyes ESP"]
[Date "2019.12.07"]
[Round "8.26"]
[White "Lozano Hernanz, Rodrigo"]
[Black "Diaz Guzman, David"]
[Result "1-0"]
[WhiteElo "1485"]
[BlackElo "1137"]
[PlyCount "93"]
[EventDate "2019.11.30"]
[EventType "swiss"]
[EventRounds "9"]
[EventCountry "ESP"]
[SourceTitle "Ajedrez en Madrid"]
[Source "lmi"]
[SourceDate "2019.11.30"]
[SourceVersion "1"]
[SourceVersionDate "2019.12.16"]
[SourceQuality "1"]

1. e4 e5 2. Nf3 Nc6 3. d4 exd4 4. Bc4 h6 5. Nxd4 Nf6 6. Nc3 Ne5 7. Bb3 Bc5 8.
Bf4 d6 9. Ba4+ Bd7 10. Bxd7+ Qxd7 11. Bxe5 dxe5 12. Nf5 Qxd1+ 13. Rxd1 O-O 14.
O-O Rad8 15. h3 c6 16. Rfe1 Bb4 17. Ng3 Bxc3 18. bxc3 Rd7 19. Rxd7 Nxd7 20. Nf5
Nc5 21. f3 Rd8 22. Ne3 f6 23. Rd1 Rxd1+ 24. Nxd1 Ne6 25. Ne3 Nf4 26. Kf2 Kf7
27. Nc4 Ne6 28. Nd6+ Ke7 29. Nxb7 Kd7 30. c4 Nd4 31. c3 Nc2 32. Kg3 Na3 33. c5
Nb1 34. c4 Nc3 35. a3 Nb1 36. a4 Nd2 37. Na5 Nf1+ 38. Kf2 Nd2 39. Ke2 Nb1 40.
Kd3 Na3 41. Kc3 Nb1+ 42. Kc2 Na3+ 43. Kb2 Nxc4+ 44. Nxc4 g6 45. Kb3 Ke6 46. Kb4
f5 47. Ka5 1-0

[Event "Open de la Constitución 2019"]
[Site "S. S. de los Reyes ESP"]
[Date "2019.12.07"]
[Round "8.30"]
[White "Raskin Calvo, Elizabetta"]
[Black "Sanchez Villodres, Mario"]
[Result "1/2-1/2"]
[WhiteElo "1144"]
[BlackElo "1187"]
[PlyCount "97"]
[EventDate "2019.11.30"]
[EventType "swiss"]
[EventRounds "9"]
[EventCountry "ESP"]
[SourceTitle "Ajedrez en Madrid"]
[Source "lmi"]
[SourceDate "2019.11.30"]
[SourceVersion "1"]
[SourceVersionDate "2019.12.16"]
[SourceQuality "1"]

1. e4 e6 2. d4 d5 3. exd5 exd5 4. Nf3 Nf6 5. Bg5 Qe7+ 6. Be2 Qb4+ 7. Nc3 Qxb2
8. Bd2 Bb4 9. Nb5 Bxd2+ 10. Nxd2 Kd8 11. Qb1 Qxb1+ 12. Rxb1 Bf5 13. Rb2 Nc6 14.
Nf3 Na5 15. Ng5 Bg6 16. O-O h6 17. Nf3 Re8 18. Ne5 Nd7 19. f4 Nxe5 20. dxe5 c6
21. Nd6 Re7 22. Bd3 Bxd3 23. cxd3 b6 24. Re2 b5 25. f5 Kd7 26. f6 gxf6 27. Rxf6
Rh8 28. Rxf7 Rxf7 29. Nxf7 Rh7 30. d4 Nb7 31. g4 Ke7 32. e6 b4 33. Kg2 Rg7 34.
Kg3 Rg6 35. Kh4 Rxe6 36. Rxe6+ Kxe6 37. Nxh6 a5 38. g5 Ke7 39. Kh5 Kf8 40. Kg6
Nd8 41. Kf6 a4 42. g6 Ne6 43. Kxe6 Kg7 44. Kf5 b3 45. axb3 axb3 46. Kg5 b2 47.
Nf5+ Kg8 48. Ne7+ Kg7 49. Nf5+ 1/2-1/2

[Event "Open de la Constitución 2019"]
[Site "S. S. de los Reyes ESP"]
[Date "2019.12.07"]
[Round "8.32"]
[White "Garcia Estebañez, Diego"]
[Black "Valle Fernandez de Castro, Luis"]
[Result "0-1"]
[WhiteElo "1205"]
[BlackElo "1174"]
[PlyCount "74"]
[EventDate "2019.11.30"]
[EventType "swiss"]
[EventRounds "9"]
[EventCountry "ESP"]
[SourceTitle "Ajedrez en Madrid"]
[Source "lmi"]
[SourceDate "2019.11.30"]
[SourceVersion "1"]
[SourceVersionDate "2019.12.16"]
[SourceQuality "1"]

1. e4 e5 2. Nf3 Nc6 3. Bc4 Nf6 4. Nc3 Nxe4 5. Bxf7+ Kxf7 6. Nxe4 d5 7. Neg5+
Ke8 8. d3 Bg4 9. O-O Bxf3 10. Qxf3 Be7 11. Qf7+ Kd7 12. Qxd5+ Kc8 13. Qxd8+
Rxd8 14. Nxh7 Rh8 15. Ng5 Kd7 16. Nf3 Raf8 17. Re1 Bd6 18. c3 Kc8 19. d4 exd4
20. Bd2 d3 21. Re3 a6 22. Rxd3 Ne5 23. Nxe5 Bxe5 24. Rh3 Bd6 25. Rxh8 Rxh8 26.
g3 Rd8 27. Re1 Bxg3 28. fxg3 Rxd2 29. Rb1 Kd7 30. a4 Ke6 31. Re1+ Kf5 32. Re7
Rxb2 33. Rxc7 g5 34. Rc5+ Kg4 35. Rc4+ Kf3 36. Rb4 Rc2 37. Rb3 Rc1# 0-1

[Event "Open de la Constitución 2019"]
[Site "S. S. de los Reyes ESP"]
[Date "2019.12.08"]
[Round "9.1"]
[White "Salvador Cabo, Cesar"]
[Black "Torres Boch, Jose F."]
[Result "0-1"]
[WhiteElo "1988"]
[BlackElo "2154"]
[PlyCount "156"]
[EventDate "2019.11.30"]
[EventType "swiss"]
[EventRounds "9"]
[EventCountry "ESP"]
[SourceTitle "Ajedrez en Madrid"]
[Source "lmi"]
[SourceDate "2019.11.30"]
[SourceVersion "1"]
[SourceVersionDate "2019.12.16"]
[SourceQuality "1"]

1. e4 c5 2. Nf3 d6 3. Bb5+ Nd7 4. O-O Ngf6 5. Re1 a6 6. Bf1 g6 7. c3 Bg7 8. d4
O-O 9. e5 Ne8 10. Bg5 dxe5 11. dxe5 Nc7 12. Nbd2 Ne6 13. Bh4 Re8 14. Qe2 Qc7
15. Qe3 Ndf8 16. a4 b6 17. Bc4 Bb7 18. Bg3 Rad8 19. h4 h5 20. Qe2 Bh6 21. Ne4
a5 22. Nfg5 Bd5 23. Bxd5 Rxd5 24. Qf3 Bxg5 25. Nxg5 Nxg5 26. Qxd5 Nge6 27. Red1
c4 28. Qe4 Rc8 29. Kh2 Qa7 30. f4 Ng7 31. Rd4 Qa6 32. Rad1 Nfe6 33. Rd7 Nf5 34.
Bf2 Rb8 35. R1d5 Qc8 36. Rd2 Kg7 37. g3 b5 38. Ba7 Nc5 39. Bxc5 Qxc5 40. axb5
Rxb5 41. Qa8 Qe3 42. Qg2 Qe1 43. Qf2 Qe4 44. Re2 Qb1 45. Rd8 a4 46. Qg2 Ra5 47.
Qc6 Qf1 48. Qg2 Qb1 49. Qe4 Qf1 50. Rdd2 Nh6 51. Qg2 Ng4+ 52. Kh3 Qb1 53. Rd4
Qf5 54. Qg1 a3 55. bxa3 Rxa3 56. Qc1 Rb3 57. Kg2 Rb1 58. Qd2 Qc8 59. Qc2 Qa8+
60. Qe4 Qa1 61. Qc2 Rg1+ 62. Kf3 Rf1+ 63. Kg2 Rg1+ 64. Kf3 Qf1+ 65. Ke4 Rxg3
66. Rd1 Qf3+ 67. Kd4 Ne3 68. Rxe3 Qxe3+ 69. Kxc4 Qxf4+ 70. Kd5 Re3 71. Rd4
Rxe5+ 72. Kc4 Qf1+ 73. Kb3 Rb5+ 74. Rb4 Rf5 75. c4 e5 76. c5 Rf2 77. Qc4 Qa1
78. Qc3 Qa2# 0-1

[Event "Open de la Constitución 2019"]
[Site "S. S. de los Reyes ESP"]
[Date "2019.12.08"]
[Round "9.2"]
[White "Lozano Suarez, Luis Miguel"]
[Black "Sanchez Saez, Francisco"]
[Result "0-1"]
[WhiteElo "2130"]
[BlackElo "2337"]
[PlyCount "106"]
[EventDate "2019.11.30"]
[EventType "swiss"]
[EventRounds "9"]
[EventCountry "ESP"]
[SourceTitle "Ajedrez en Madrid"]
[Source "lmi"]
[SourceDate "2019.11.30"]
[SourceVersion "1"]
[SourceVersionDate "2019.12.16"]
[SourceQuality "1"]

1. d4 g6 2. Bf4 Bg7 3. Nc3 d6 4. Nf3 a6 5. Qd2 b5 6. e4 Bb7 7. O-O-O Nd7 8. h4
h5 9. Ng5 Nh6 10. Be2 c5 11. dxc5 Nxc5 12. Bf3 Qa5 13. Kb1 Bxc3 14. Qxc3 Qxc3
15. bxc3 f6 16. Nh3 Bxe4 17. Rhe1 Bxf3 18. gxf3 Kf7 19. Bxh6 Rxh6 20. Nf4 Rhh8
21. Nd5 e6 22. Nb6 Rad8 23. c4 bxc4 24. Nxc4 d5 25. Ne3 Rb8+ 26. Kc1 Rb4 27.
Ng2 Ra4 28. Re3 Rxa2 29. Rc3 Ra5 30. Rd4 e5 31. Rb4 d4 32. Rcc4 Rc8 33. f4 Rb5
34. Kd1 Rxb4 35. Rxb4 a5 36. Rb5 a4 37. Ra5 e4 38. f5 gxf5 39. Nf4 Ne6 40. Nxh5
f4 41. Rxa4 Rc5 42. Ra7+ Kg6 43. Re7 Rxh5 44. Rxe6 Kf5 45. Rd6 Ke5 46. Ra6 Rxh4
47. Ra5+ Ke6 48. Ra6+ Kf5 49. Ra4 Rh1+ 50. Kd2 e3+ 51. Ke2 Rh2 52. Rxd4 Rxf2+
53. Kd1 f3 0-1

[Event "Open de la Constitución 2019"]
[Site "S. S. de los Reyes ESP"]
[Date "2019.12.08"]
[Round "9.3"]
[White "Perez Gonzalez, Jose Manuel"]
[Black "Iagar, Razvan-Gabriel"]
[Result "1/2-1/2"]
[WhiteElo "2161"]
[BlackElo "2182"]
[PlyCount "99"]
[EventDate "2019.11.30"]
[EventType "swiss"]
[EventRounds "9"]
[EventCountry "ESP"]
[SourceTitle "Ajedrez en Madrid"]
[Source "lmi"]
[SourceDate "2019.11.30"]
[SourceVersion "1"]
[SourceVersionDate "2019.12.16"]
[SourceQuality "1"]

1. e4 e6 2. d4 d5 3. Nc3 dxe4 4. Nxe4 Nd7 5. g3 Ngf6 6. Nxf6+ Nxf6 7. Bg2 c5 8.
Ne2 Be7 9. O-O O-O 10. c3 Qb6 11. Qb3 Qc7 12. Bf4 Bd6 13. dxc5 Bxf4 14. Nxf4
Qxc5 15. Rad1 Rb8 16. Nd3 Qc7 17. Qa3 a5 18. Rfe1 b6 19. Ne5 Bb7 20. Qd6 Qxd6
21. Rxd6 Bxg2 22. Kxg2 Rfd8 23. Red1 Rxd6 24. Rxd6 Kf8 25. Nc4 Nd5 26. Rd7 Rc8
27. Rxf7+ Kxf7 28. Nd6+ Ke7 29. Nxc8+ Kd7 30. c4 Kxc8 31. cxd5 exd5 32. f4 Kd7
33. Kf3 Kd6 34. Ke3 Kc5 35. g4 d4+ 36. Ke4 Kc4 37. f5 a4 38. a3 h6 39. h4 b5
40. g5 hxg5 41. hxg5 d3 42. Ke3 b4 43. Kd2 bxa3 44. bxa3 Kd5 45. Kxd3 Ke5 46.
f6 gxf6 47. gxf6 Kxf6 48. Kc4 Ke6 49. Kb5 Kd7 50. Kxa4 1/2-1/2

[Event "Open de la Constitución 2019"]
[Site "S. S. de los Reyes ESP"]
[Date "2019.12.08"]
[Round "9.4"]
[White "Martinez Fernandez, Raul"]
[Black "Alfaya Marcelo, Roberto"]
[Result "1-0"]
[WhiteElo "2203"]
[BlackElo "2171"]
[PlyCount "93"]
[EventDate "2019.11.30"]
[EventType "swiss"]
[EventRounds "9"]
[EventCountry "ESP"]
[SourceTitle "Ajedrez en Madrid"]
[Source "lmi"]
[SourceDate "2019.11.30"]
[SourceVersion "1"]
[SourceVersionDate "2019.12.16"]
[SourceQuality "1"]

1. e4 c5 2. Nf3 d6 3. Bb5+ Bd7 4. Bxd7+ Qxd7 5. c4 Nc6 6. d4 cxd4 7. Nxd4 Nf6
8. Nc3 g6 9. b3 Bg7 10. Bb2 O-O 11. O-O Rac8 12. Qd3 a6 13. a4 Rfd8 14. Rad1 b6
15. f4 Qb7 16. Ba1 Nb4 17. Qe2 e6 18. f5 exf5 19. exf5 d5 20. fxg6 hxg6 21.
cxd5 Nbxd5 22. Qf3 Rc7 23. Nde2 Rcd7 24. Nxd5 Nxd5 25. Bxg7 Kxg7 26. Nf4 b5 27.
Kh1 bxa4 28. bxa4 a5 29. Rd4 Nxf4 30. Qxb7 Rxb7 31. Rxd8 f5 32. g3 Nh3 33. Kg2
Ng5 34. Rfd1 Rb2+ 35. R1d2 Rb3 36. Ra8 Nf3 37. Ra2 g5 38. Rxa5 Kg6 39. Rb5 Rc3
40. a5 g4 41. Rb1 Rc8 42. a6 Rh8 43. h4 f4 44. a7 fxg3 45. a8=Q Nxh4+ 46. Kxg3
Nf5+ 47. Kf4 1-0